Statistics for Double Trouble Oscar Winners

Click here to take the quiz!

General Stats

  • This quiz has been taken 44 times
  • The average score is 26 of 40

Answer Stats

Hint Answer % Correct
Dicaprio
95%
Spacey
89%
Hacino / PanksPacino
87%
Spowe / CraceyCrowe
87%
Doman / NewuglasNewman
84%
Hanks
84%
Hoffman
82%
Rage / CushCage
82%
Rioleck / DicapaffAffleck
82%
Rush
79%
Douglas
79%
Redbrid / GesmayneRedmayne
76%
Oxxfman / HoffFoxx
74%
Whitaker
71%
Paker / WhitennPenn
68%
Firth
68%
Nelewis / WaydayDayLewis
66%
Brando
66%
Hopkins
66%
Lebran / DommonLemmon
66%
Dreyfuss
63%
Brington / OdywashWashington
63%
Wayne
61%
Bridges
61%
Nicholson
58%
Fussight / DreyvoVoight
58%
Firdin / DujarthDujardin
58%
Sleyduv / AllkingDuvall
55%
Deniro
53%
Carney
53%
Dairo / DenfonFonda
53%
Brody
53%
Finney / CarchFinch
53%
Kingsley
53%
Irhop / KinsonsIrons
50%
Shack / CottmanHackman
50%
Scott
50%
Beniolson / GninichBenigni
39%
Hurt
37%
Tabra / HamhurAbraham
37%

Score Distribution

Percentile by Number Answered

Percent of People with Each Score

Your Score History

You have not taken this quiz